000 00464nam a2200193Ia 4500
005 20240823022134.0
008 240823s9999||||xx |||||||||||||| ||und||
020 _a81-219-0003-4
041 _aENGLISH
082 _A624.1834 P6
100 _aShetty M S
245 0 _aConcrete Technolohy : Theory and Practice
250 _a6th
260 _c2006
_bS chand New D
_aNew Delhi
500 _aYES
650 _aConcrete
_bCivil
942 _cBK
999 _c178445
_d178445